| 000 | 00504nam a2200181Ia 4500 | ||
|---|---|---|---|
| 003 | SGT | ||
| 020 | _a9788131809426 | ||
| 082 |
_a624.18341 _bPUN |
||
| 100 | _aPunmia,B.C | ||
| 245 | _aR CC Design | ||
| 260 |
_bLaxmi Publications (P) Ltd _aNew Delhi _c2011 |
||
| 300 | _a1246p. | ||
| 650 | _aCIVIL ENGINEERING | ||
| 653 | _aINTRODUCTION,WORKING STRESS METHODS,WATER,MISCELLANEOUS STRUCTURES,CONCRETE BRIDES,LIMIT STATE DESIGN | ||
| 700 | _aJain,Arun K | ||
| 700 | _aJain,Ashok K | ||
| 942 |
_2ddc _cBK _03 |
||
| 999 |
_c5754 _d5754 |
||